|
|
|
|
| LEADER |
01587nam a2200313 u 4500 |
| 001 |
10026049 |
| 003 |
upatras |
| 005 |
20210117205930.0 |
| 008 |
970522s1974 us eng |
| 020 |
|
|
|a 0471234648
|
| 040 |
|
|
|a GR-PaULI
|c GR-PaULI
|
| 041 |
0 |
|
|a eng
|
| 082 |
0 |
4 |
|a 530.12
|
| 100 |
1 |
|
|a Eisberg, Robert Martin
|9 144524
|
| 245 |
1 |
0 |
|a Quantum physics of atoms, molecules, solids, nuclei, and particles
|c Robert Eisberg and Robert Resnick
|
| 260 |
|
|
|a New York, NY
|b John Wiley & Sons
|c 1974
|
| 300 |
|
|
|a xiii, 713 p.
|b fig., tab.
|c 26 cm.
|
| 504 |
|
|
|a Includes appendix, index and references
|
| 650 |
|
4 |
|9 7
|a Κβαντική θεωρία πεδίων
|
| 700 |
1 |
|
|a Resnick, Robert,
|d 1923-
|9 448
|
| 852 |
|
|
|a GR-PaULI
|b ΠΑΤΡΑ
|b ΒΚΠ
|b ΒΣ1
|k ΑΣΧΞ
|h 530.12 EIS
|m 09005
|p 025000093378
|t 3
|
| 852 |
|
|
|a GR-PaULI
|b ΠΑΤΡΑ
|b ΦΥΣΙΚΟ
|k ΑΕΧ-1
|h 530.12 EIS
|m 00474
|p 025000018157
|t 1
|
| 852 |
|
|
|a GR-PaULI
|b ΠΑΤΡΑ
|b ΦΥΣΙΚΟ
|k ΑΕΧ-1
|h 530.12 EIS
|m 04218
|p 025000021040
|t 2
|
| 942 |
|
|
|2 ddc
|c BK15
|
| 952 |
|
|
|0 0
|1 0
|4 0
|6 530_120000000000000_EIS
|7 0
|9 196015
|a LISP
|b LISP
|c BSC
|d 2016-04-24
|i 09005
|l 1
|o 530.12 EIS
|p 025000093378
|r 2022-11-01 00:00:00
|s 2022-07-01
|t 3
|w 2016-04-24
|y BK15
|
| 952 |
|
|
|0 0
|1 0
|4 0
|6 530_120000000000000_EIS
|7 0
|9 196016
|a PHYS
|b PHYS
|d 2016-04-24
|i 00474
|l 0
|o 530.12 EIS
|p 025000018157
|r 2016-04-24 00:00:00
|t 1
|w 2016-04-24
|y BK15
|
| 952 |
|
|
|0 0
|1 0
|4 0
|6 530_120000000000000_EIS
|7 0
|9 196017
|a PHYS
|b PHYS
|d 2016-04-24
|i 04218
|l 0
|o 530.12 EIS
|p 025000021040
|r 2016-04-24 00:00:00
|t 2
|w 2016-04-24
|y BK15
|
| 998 |
|
|
|c ΠΑΝΑΓΟΠΟΥΛΟΥ
|d 2000-10
|
| 999 |
|
|
|c 120269
|d 120269
|